000 00552nam a2200217Ia 4500
005 20230610121513.0
008 131103s9999 xx 000 0 und d
020 _c& 1.65
040 _aLoreto College
041 _aEnglish
082 _a804
_bLEW
100 _aLewis, C S.
245 3 _aAn Experiment in criticism
260 _aCambridge
_bCambridge University Press
_c1965
300 _a[5], 143p.
504 _aFirst published in 1961
650 _aLiterary Theory -
651 _aLiterary Criticism -
850 _aLCLIB
942 _cBK
999 _c476
_d50955